00533nam a22001937a 450000500170000001000130001702000220003003500130005203700160006504000120008108200150009310000230010824500490013126000390018027000300021930000210024965000360027065000330030620170124110112.0 aA-254154 c00.00a0340376406 aA-254154 bCen Lib/Ret aDPLbEN a915.1bDOD aDodwell, Christina aA traveller in China /cby Christina Dodwell aLondonbHodder and Stoughtonc1985 bLondona47 Bedford Square a160p. c23cm(Hb) aChina -- Description and travel aDodwell, Christina, -- 1951-